Quarks and gluons : a century of particle charges

The major development in atomic, nuclear particle and quark physics are presented in this text. It provides a brief history of particles, charting the discovery of electrons and photons, antimatter, atomic nuclei, strong and weak forces, and quarks and gluons. In particular, it traces the concept of...

Volledige beschrijving

Bewaard in:
Bibliografische gegevens
Hoofdauteur: Han, M. Y.
Formaat: Boek
Taal:Undetermined
Gepubliceerd in: Singapore World Scientific 1999
Onderwerpen:
Tags: Voeg label toe
Geen labels, Wees de eerste die dit record labelt!
Thư viện lưu trữ: Trung tâm Học liệu Trường Đại học Cần Thơ
LEADER 01030nam a2200229Ia 4500
001 CTU_210665
008 210402s9999 xx 000 0 und d
020 |c 24 
082 |a 539.725 
082 |b H233 
100 |a Han, M. Y. 
245 0 |a Quarks and gluons : 
245 2 |b a century of particle charges 
245 0 |c M.Y. Han 
260 |a Singapore 
260 |b World Scientific 
260 |c 1999 
520 |a The major development in atomic, nuclear particle and quark physics are presented in this text. It provides a brief history of particles, charting the discovery of electrons and photons, antimatter, atomic nuclei, strong and weak forces, and quarks and gluons. In particular, it traces the concept of "conversed charges", a phenomena that is consistently manifested in each of the developments in modern physics. 
650 |a Particles (Nuclear physics),Hạt (vật lý hạt nhân) 
650 |x History,Lịch sử 
904 |i Qhieu 
980 |a Trung tâm Học liệu Trường Đại học Cần Thơ